000 00656nam a2200217 u 4500
005 20220804080907.0
008 100531s2008 r 000 0 eng d
020 _a9789705803321
035 _aUPN01000176210
049 _aCG
050 4 _aQC21.3
_bG7.3
100 1 _aGreen, Dan,
_d1975-
_936658
245 1 0 _aFísica :
_b¡Entremos en materia! /
_cDan Green.
260 _aMéxico :
_bAltea,
_c2008.
300 _a128 p. :
_bil. col.
500 _aDatos tomados de la cubierta
534 _pTítulo original:
_tPhysics
650 4 _aFísica
_xEstudio y enseñanza (Secundaria)
_98873
650 0 _aFísica
_vLiteratura juvenil
_912572
905 _aLibro
999 _c148313
_d148313